000 00180nam a2200085Ia 4500
008 250605s9999 xx 000 0 und d
041 _aeng
100 _aManeesh Sharma
245 _aAmul
999 _c44274
_d44274